Štát vie podnikateľom aj poradiť

Poradenstvo pre podnikateľov nemusí byť najlacnejšie. Národná agentúra pre rozvoj malého a stredného podnikania (NARMSP) umožňuje získať tieto služby za výhodnejšie ceny, časť aj zadarmo. Limitovaná je však objemom prostriedkov, ktoré sú zo štátneho rozpočtu. Zvýhodnené regionálne poradenstvo. Podni...

Celý popis

Uložené v:
Podrobná bibliografia
Hlavný autor: Marčan, Peter
Médium: Kapitola
Jazyk:Slovak
Predmet:
Tagy: Pridať tag
Žiadne tagy, Buďte prvý, kto otaguje tento záznam!

MARC

LEADER 00000naa$a2200000$$$4500
001 0018500
005 20231009075328.6
041 0 |a slo 
044 |a SK 
245 1 0 |a Štát vie podnikateľom aj poradiť  |c Peter Marčan 
520 |a Poradenstvo pre podnikateľov nemusí byť najlacnejšie. Národná agentúra pre rozvoj malého a stredného podnikania (NARMSP) umožňuje získať tieto služby za výhodnejšie ceny, časť aj zadarmo. Limitovaná je však objemom prostriedkov, ktoré sú zo štátneho rozpočtu. Zvýhodnené regionálne poradenstvo. Podnikanie a kvalita. Certifikát kvality. 
610 2 0 |a podnikanie 
610 2 0 |a podnikanie malé 
610 2 0 |a podnikatelia 
610 2 0 |a poradenstvo profesionálne 
610 2 0 |a financovanie 
610 2 0 |a kvalita 
610 2 0 |a certifikáty 
100 1 |a Marčan, Peter